00853nam a2200253 a 450000100060000000300080000600500170001400800410003102000150007203500200008704000320010704100080013908200250014710000420017224500630021426000390027730000340031649000630035050000200041350400300043365100470046365100260051083000630053658001BD-RjUL20211209080557.0161212s1985 coua b 001 0 eng  a0865313350 a(BD-RjUL) 58125 aDLCcDLCdDLCdBD-RjULbeng aeng00a946.08223bARS 19851 aArango, E. Ramónq(Ergasto Ramón)10aSpain : bfrom repression to renewal /cE. Ramón Arango. aBoulder :bWestview Press,cc1985. axii, 244 p. :bill. ;c24 cm. aWestview profiles., Nations of contemporary Western Europe aIncludes index. aBibliography: p. 231-233. 0aSpainxPolitics and governmenty1975-1982. 0aSpainxHistoryy1975- aWestview profiles., Nations of contemporary Western Europe